| 000 | 00471nam a22001817a 4500 | ||
|---|---|---|---|
| 003 | KOHA_MİRAKIL | ||
| 005 | 20251221174122.0 | ||
| 008 | 251221b tu ||||| |||| 00| 0 tur d | ||
| 020 | _a9786051963471 | ||
| 040 |
_aTR-AnABB _btur _cTR-AnABB |
||
| 041 | _atur | ||
| 082 |
_a306.85 _bAIL 2019 |
||
| 245 | 1 | 0 | _aAile kurumuna farklı bakışlar / |
| 260 |
_aAnkara : _bÇizgi Kitabevi, _c2019 |
||
| 300 |
_a359 sayfa ; _c21 cm |
||
| 650 | 0 | 4 | _aAile |
| 942 |
_2ddc _cBK |
||
| 999 |
_c9892 _d9892 |
||
| 900 | _bGizem YORULMAZ | ||